[Event "Castilla La Mancha Region U14"]
[Site "Horche"]
[Date "2015.03.27"]
[Round "1.3"]
[White "Rodrigo Diaz Ropero, Carlos"]
[Black "Alonso Lazaro, Adrian"]
[Result "0-1"]
[WhiteElo "1095"]
[BlackElo "1601"]
[PlyCount "62"]
[EventDate "2015.03.27"]
[EventType "swiss"]
[EventRounds "6"]
[EventCountry "ESP"]
[SourceTitle "EXT 2024"]
[Source "ChessBase"]
[SourceDate "2023.10.10"]
[SourceVersion "1"]
[SourceVersionDate "2023.10.10"]
[SourceQuality "1"]

1. e4 e5 2. Nf3 d6 3. Bc4 Nc6 4. c3 Bg4 5. 0-0 Nf6 6. d3 Be7 7. Qb3 0-0 8. Ng5 Bh5 9. Qa4 h6 10. Nh3 Bg4 11. Nd2 Qd7 12. Re1 Bxh3 13. gxh3 Qxh3 14. Re3 Qh4 15. Rg3 Nh5 16. Nf3 Qf6 17. Rg4 Qxf3 18. Rg2 Nf4 19. Bxf4 exf4 20. Kh1 Ne5 21. Rag1 Ng4 22. Qc2 Bh4 23. Rf1 Ne3 24. fxe3 Qxf1+ 25. Rg1 Qf3+ 26. Rg2 fxe3 27. d4 Bf2 28. Be2 Qf6 29. Qb3 Kh8 30. Qxb7 Rab8 31. Qxa7 Rxb2 0-1